| 000 | 02524nam0a2200421 4500 | ||
|---|---|---|---|
| 001 | RU\NLR\bibl\1870228 | ||
| 005 | 20260408204425.0 | ||
| 010 |
_a978-5-7205-1129-6 _9500 |
||
| 021 |
_aRU _b2012-4032 _9295 |
||
| 035 | _a(NLR Aleph) 001860076 | ||
| 090 |
_a2519277 _c2519277 |
||
| 100 | _a20120215d2011 |||y0rusy50 ca | ||
| 101 | 0 | _arus | |
| 102 | _aRU | ||
| 105 | _ay ||||||||| | ||
| 200 | 1 |
_aДомашнее насилие по законодательству зарубежных стран: ответственность и превенция _dDomestic violence under the legislation of foreign countries: responsibility abd prevention _f[кандидаты юрид. наук И.С. Власов доц., засл. юрист РФ, Н.А. Голованова засл. юрист РФ, В.Ю. Артемов и др. _gотв. ред. к.ю.н. Н.А. Голованова] _gИн-т законодательства и сравн. правоведения при Правительстве Рос. Федерации _zeng |
|
| 210 |
_aМосква _cЮстицинформ _d2011 |
||
| 215 |
_a382, [1] с. _d22 |
||
| 300 | _aАвт. указаны на обороте тит. л. | ||
| 300 | _aРез. на англ. яз. | ||
| 320 | _aБиблиогр. в подстроч. примеч. | ||
| 510 | 0 |
_aDomestic violence under the legislation of foreign countries: responsibility abd prevention _zeng |
|
| 606 | 1 |
_aНасилие в семье _xУголовная ответственность _yЗарубежные страны _92094192 _3RU\NLR\auth\661570796 |
|
| 606 |
_aНасилие в семье _xБорьба с ним _yЗарубежные страны _3RU\NLR\auth\661570799 _92094200 |
||
| 686 | _aХ881.115 | ||
| 686 | _aХ881.7 | ||
| 701 | 1 |
_4070 _8rus _7ca _aВласов _bИ. С. _cканд. юрид. наук _gИлья Семенович _3RU\NLR\auth\7792827 _975753 |
|
| 701 | 1 |
_aГолованова _bН. А. _gНаталья Александровна _4070 |
|
| 701 | 1 |
_aАртемов _bВ. Ю. _gВладислав Юрьевич _4070 |
|
| 702 | 1 |
_aГолованова _bН. А. _gНаталья Александровна _4340 |
|
| 712 | 0 | 2 |
_4570 _aИнститут законодательства и сравнительного правоведения _cМосква _3RU\NLR\AUTH\889936225 _9367278 |
| 801 | 0 |
_aRU _bNLR _c20120215 _gRCR |
|
| 801 | 1 |
_aRU _bNLR _c20120215 |
|
| 830 | _aавт. по базе | ||
| 942 | _cBOOK | ||
| 980 | _aNB | ||
| 980 | _aNBR | ||